[Event "Belgrade-chT"]
[Site "Belgrade"]
[Date "2019.10.01"]
[Round "8.5"]
[White "Dikic, Veljko"]
[Black "Lundin, Jan"]
[Result "0-1"]
[WhiteElo "2069"]
[BlackElo "2291"]
[PlyCount "44"]
[EventDate "2019.09.23"]
[EventType "team-tourn"]
[EventRounds "11"]
[EventCountry "SRB"]
[SourceTitle "EXT 2020"]
[Source "ChessBase"]
[SourceDate "2019.10.17"]
[SourceVersion "1"]
[SourceVersionDate "2019.10.17"]
[SourceQuality "1"]
[WhiteTeam "Tadic"]
[BlackTeam "Belgrade Radnicki"]
[WhiteTeamCountry "SRB"]
[BlackTeamCountry "SRB"]

1. e4 c6 2. d4 d5 3. e5 Bf5 4. Be3 h5 5. Nd2 e6 6. Ngf3 Nd7 7. Be2 h4 8. Bg5 Be7 9. Bxe7 Nxe7 10. c4 Ng6 11. g3 f6 12. exf6 Qxf6 13. Qb3 0-0-0 14. Rc1 Kb8 15. Rc3 c5 16. cxd5 cxd4 17. Rc4 d3 18. Bxd3 Bxd3 19. Qxd3 Nde5 20. Qb3 Nxc4 21. Nxc4 exd5 22. Na5 Qa6 0-1

[Event "Belgrade-chT Quality"]
[Site "Belgrade"]
[Date "2018.09.19"]
[Round "3.2"]
[White "Dikic, Veljko"]
[Black "Djokic, Nenad"]
[Result "0-1"]
[WhiteElo "2066"]
[BlackElo "2321"]
[PlyCount "52"]
[EventDate "2018.09.17"]
[EventType "team-tourn"]
[EventRounds "11"]
[EventCountry "SRB"]
[SourceTitle "CBM 186 Extra"]
[Source "ChessBase"]
[SourceDate "2018.08.24"]
[SourceVersion "1"]
[SourceVersionDate "2018.08.24"]
[SourceQuality "1"]
[WhiteTeam "Tadic"]
[BlackTeam "Belgrade CC"]
[WhiteTeamCountry "SRB"]
[BlackTeamCountry "SRB"]

1. e4 c5 2. Ne2 e6 3. g3 d5 4. Bg2 dxe4 5. Bxe4 Nf6 6. Bg2 Nc6 7. b3 Be7 8. Bb2 0-0 9. 0-0 Qc7 10. d3 Rd8 11. Nd2 b6 12. Nc3 Bb7 13. Nce4 Nd4 14. Rc1 b5 15. Qe1 Rd7 16. f4 Nd5 17. Nf3 Nf5 18. Ne5 Rdd8 19. Rf2 Qb6 20. Kh1 Rac8 21. a3 f6 22. Nf3 c4 23. Re2 Nde3 24. dxc4 bxc4 25. Nc3 Nxg2 26. Kxg2 Nd4 0-1

[Event "Belgrade-chT"]
[Site "Belgrade"]
[Date "2017.11.01"]
[Round "10.2"]
[White "Srdanovic, Jovana"]
[Black "Dikic, Veljko"]
[Result "1-0"]
[WhiteElo "2015"]
[BlackElo "2111"]
[PlyCount "107"]
[EventDate "2017.10.01"]
[EventType "team-tourn"]
[EventRounds "11"]
[EventCountry "SRB"]
[SourceTitle "CBM 181 Extra"]
[Source "ChessBase"]
[SourceDate "2017.12.12"]
[SourceVersion "1"]
[SourceVersionDate "2017.12.12"]
[SourceQuality "1"]
[WhiteTeam "Vreoci Turbina"]
[BlackTeam "Belgrade CC"]
[WhiteTeamCountry "SRB"]
[BlackTeamCountry "SRB"]

1. d4 c6 2. c3 Nf6 3. Nf3 d5 4. Bf4 Qb6 5. Qb3 c5 6. e3 c4 7. Qc2 Nc6 8. Nbd2 Bg4 9. Be2 e6 10. h3 Bf5 11. Qc1 h6 12. 0-0 Qa5 13. Bd1 Be7 14. Ne5 Nxe5 15. Bxe5 b5 16. a3 Qd8 17. Bc2 0-0 18. Re1 a5 19. e4 Bh7 20. exd5 Bxc2 21. Qxc2 exd5 22. Nf1 Qd7 23. Ne3 g6 24. Bxf6 Bxf6 25. Ng4 Bg7 26. Qd2 h5 27. Ne5 Qd6 28. Qg5 Bf6 29. Qg3 b4 30. f4 bxc3 31. bxc3 Bg7 32. a4 Rab8 33. Re3 Rb6 34. f5 Bh6 35. Re2 Bg7 36. Re3 Kh7 37. Rf1 Rb3 38. Ref3 Rbb8 39. Nxg6 Rfd8 40. Nf4 Rb3 41. Qg5 Rxc3 42. Qxh5+ Kg8 43. Qg4 Qf6 44. Rxc3 Qxd4+ 45. Kh1 Qxc3 46. Nh5 Qd4 47. Qg5 Kh7 48. Qxd8 Qd3 49. Re1 Qd2 50. Qh4 Bh6 51. Nf6+ Kg7 52. Nh5+ Kh7 53. Qg3 Bg5 54. h4 1-0

[Event "Senta op 21st"]
[Site "Senta"]
[Date "2017.07.31"]
[Round "9"]
[White "Jovanovic, Milan B"]
[Black "Dikic, Veljko"]
[Result "0-1"]
[WhiteElo "2037"]
[BlackElo "2102"]
[PlyCount "92"]
[EventDate "2017.07.24"]
[EventType "swiss"]
[EventRounds "9"]
[EventCountry "SRB"]
[SourceTitle "CBM 179 Extra"]
[Source "ChessBase"]
[SourceDate "2017.08.23"]
[SourceVersion "1"]
[SourceVersionDate "2017.08.23"]
[SourceQuality "1"]

1. f4 d5 2. Nf3 c5 3. e3 Nf6 4. Bb5+ Bd7 5. Qe2 a6 6. Bxd7+ Nbxd7 7. b3 g6 8. Bb2 Bg7 9. 0-0 0-0 10. d3 Ne8 11. Bxg7 Nxg7 12. Nc3 e6 13. Qf2 b5 14. Ne2 Qe7 15. Rae1 f5 16. Ng5 h6 17. Nf3 g5 18. Nd2 e5 19. c4 dxc4 20. dxc4 b4 21. e4 exf4 22. exf5 Qe3 23. Nc1 Qxf2+ 24. Rxf2 Nxf5 25. Re6 Rfe8 26. Rfe2 Kf7 27. Rxe8 Rxe8 28. Rxe8 Kxe8 29. Ne4 Nd4 30. Kf2 Kf7 31. Nd3 Ne6 32. g3 fxg3+ 33. Kxg3 Kg6 34. Kf3 h5 35. Nd6 g4+ 36. Ke4 Ng5+ 37. Kf4 Ne6+ 38. Ke4 Kg5 39. Nf7+ Kh4 40. Nf2 g3 41. hxg3+ Kxg3 42. Ke3 Nf6 43. Ne5 h4 44. Ned3 Ng4+ 45. Nxg4 Kxg4 46. Ke4 Kg3 0-1

[Event "Senta op 21st"]
[Site "Senta"]
[Date "2017.07.30"]
[Round "8"]
[White "Dikic, Veljko"]
[Black "Andrijevic, Milan"]
[Result "0-1"]
[WhiteElo "2102"]
[BlackElo "2289"]
[PlyCount "92"]
[EventDate "2017.07.24"]
[EventType "swiss"]
[EventRounds "9"]
[EventCountry "SRB"]
[SourceTitle "CBM 179 Extra"]
[Source "ChessBase"]
[SourceDate "2017.08.23"]
[SourceVersion "1"]
[SourceVersionDate "2017.08.23"]
[SourceQuality "1"]

1. e4 c5 2. Ne2 e6 3. g3 Nc6 4. Bg2 d5 5. exd5 exd5 6. d4 Nf6 7. 0-0 Be7 8. dxc5 Bxc5 9. Nd2 0-0 10. Nb3 Bb6 11. Bg5 h6 12. Bxf6 Qxf6 13. Nf4 Qxb2 14. Bxd5 Bf5 15. c4 Rad8 16. Qh5 Bh7 17. Qe2 Qxe2 18. Nxe2 Bd3 19. Rfe1 Na5 20. Rac1 Nxb3 21. axb3 Ba5 22. Nc3 b5 23. Re7 Bb6 24. Nxb5 Rxd5 25. cxd5 Bxb5 26. d6 Rd8 27. Re5 Bd7 28. Kg2 Be6 29. Rd1 Bxb3 30. Rd2 Kf8 31. g4 Be6 32. Kg3 g5 33. f4 gxf4+ 34. Kxf4 Rc8 35. Rh5 Rc4+ 36. Ke5 Ba5 37. Rd3 Bc3+ 38. Rxc3 Rxc3 39. Rxh6 Kg7 40. g5 Rc5+ 41. Kf4 Rd5 42. d7 Rxd7 43. h4 Rd5 44. Rf6 Rd4+ 45. Ke5 Rxh4 46. Rf2 Rg4 0-1

[Event "Senta op 21st"]
[Site "Senta"]
[Date "2017.07.27"]
[Round "4"]
[White "Dikic, Veljko"]
[Black "Aleksic, Zvonimir"]
[Result "0-1"]
[WhiteElo "2102"]
[BlackElo "1848"]
[PlyCount "72"]
[EventDate "2017.07.24"]
[EventType "swiss"]
[EventRounds "9"]
[EventCountry "SRB"]
[SourceTitle "CBM 179 Extra"]
[Source "ChessBase"]
[SourceDate "2017.08.23"]
[SourceVersion "1"]
[SourceVersionDate "2017.08.23"]
[SourceQuality "1"]

1. e4 b6 2. d4 e6 3. Bd3 Bb7 4. Nf3 g6 5. 0-0 Bg7 6. Bg5 Bf6 7. Bf4 Ne7 8. Nc3 d6 9. Qd2 Nd7 10. Rfe1 e5 11. Be3 0-0 12. d5 Nc5 13. b4 Nxd3 14. Qxd3 Bg7 15. Nd2 f5 16. f3 f4 17. Bf2 g5 18. Ne2 Ng6 19. c4 Rf7 20. c5 Bf8 21. Rec1 h5 22. a4 g4 23. a5 bxc5 24. bxc5 Bc8 25. Kf1 Nh4 26. Rab1 Qg5 27. Ng1 gxf3 28. gxf3 Ng2 29. Ke2 dxc5 30. d6 Qf6 31. Bxc5 cxd6 32. Qd5 Ba6+ 33. Kf2 dxc5 34. Qxa8 Qh4+ 35. Kxg2 Rg7+ 36. Kh1 Qf2 0-1

[Event "Senta op 21st"]
[Site "Senta"]
[Date "2017.07.25"]
[Round "2"]
[White "Dikic, Veljko"]
[Black "Drazic, Sinisa"]
[Result "0-1"]
[WhiteElo "2102"]
[BlackElo "2436"]
[PlyCount "93"]
[EventDate "2017.07.24"]
[EventType "swiss"]
[EventRounds "9"]
[EventCountry "SRB"]
[SourceTitle "CBM 179 Extra"]
[Source "ChessBase"]
[SourceDate "2017.08.23"]
[SourceVersion "1"]
[SourceVersionDate "2017.08.23"]
[SourceQuality "1"]

1. e4 Nf6 2. e5 Nd5 3. d4 d6 4. c4 Nb6 5. Nf3 dxe5 6. Nxe5 N8d7 7. Nxf7 Kxf7 8. c5 Nf6 9. cxb6 axb6 10. Bc4+ Be6 11. Bxe6+ Kxe6 12. Nc3 Kf7 13. 0-0 e6 14. Bg5 Bb4 15. d5 Bxc3 16. dxe6+ Ke7 17. bxc3 Qxd1 18. Raxd1 Rhd8 19. Rxd8 Rxd8 20. Re1 Rd3 21. f4 Rxc3 22. f5 Rc5 23. g4 h5 24. h3 hxg4 25. hxg4 Rc4 26. Bxf6+ gxf6 27. Kf2 Rxg4 28. Kf3 Rg8 29. Rd1 Rd8 30. Rg1 Ra8 31. Rg7+ Kd6 32. Rd7+ Ke5 33. e7 Re8 34. Rxc7 Kxf5 35. Rxb7 Ke6 36. Kf4 Rxe7 37. Rxb6+ Kf7 38. a4 Kg6 39. Rb5 Re1 40. a5 Ra1 41. Kg4 Ra4+ 42. Kf3 f5 43. Rb6+ Kg5 44. Rb5 Ra3+ 45. Kf2 Kg4 46. Rb4+ f4 47. a6 0-1

[Event "Belgrade Cup 16th"]
[Site "Belgrade"]
[Date "2016.05.10"]
[Round "2.4"]
[White "Dikic, Veljko"]
[Black "Vujosevic, Dimitrije"]
[Result "1-0"]
[WhiteElo "2013"]
[BlackElo "1772"]
[PlyCount "81"]
[EventDate "2016.05.09"]
[EventType "team-swiss"]
[EventRounds "5"]
[EventCountry "SRB"]
[SourceTitle "CBM 172 Extra"]
[Source "ChessBase"]
[SourceDate "2016.06.21"]
[SourceVersion "1"]
[SourceVersionDate "2016.06.21"]
[SourceQuality "1"]
[WhiteTeam "Tadic"]
[BlackTeam "Vreoci Turbina"]
[WhiteTeamCountry "SRB"]
[BlackTeamCountry "SRB"]

1. e4 c5 2. Nc3 e6 3. g3 a6 4. Bg2 Nc6 5. d3 b5 6. f4 Bb7 7. Nf3 d6 8. 0-0 Be7 9. Be3 Nf6 10. h3 Qc7 11. Ne2 Nd7 12. c3 a5 13. d4 c4 14. d5 Nd8 15. Nfd4 Ba6 16. e5 Rb8 17. dxe6 fxe6 18. exd6 Bxd6 19. f5 e5 20. Ne6 Nxe6 21. fxe6 Nf6 22. g4 h6 23. Ng3 Bc5 24. Qe2 Bc8 25. Nf5 Bxe3+ 26. Qxe3 Bxe6 27. Nxg7+ Ke7 28. Nf5+ Bxf5 29. Rxf5 Nd7 30. Raf1 Qb6 31. Rf7+ Ke8 32. Qxb6 Rxb6 33. h4 Rf8 34. Rxf8+ Nxf8 35. Re1 Nd7 36. Kf2 Re6 37. Bh3 Nc5 38. Kg3 Re7 39. g5 hxg5 40. hxg5 e4 41. Bf5 1-0

[Event "SRB-chT2 West"]
[Site "Kragujevac"]
[Date "2015.10.09"]
[Round "7.6"]
[White "Dikic, Veljko"]
[Black "Rikalovic, Milan"]
[Result "1-0"]
[WhiteElo "1959"]
[BlackElo "2045"]
[PlyCount "101"]
[EventDate "2015.09.04"]
[EventType "team-tourn"]
[EventRounds "11"]
[EventCountry "SRB"]
[SourceTitle "EXT 2022"]
[Source "ChessBase"]
[SourceDate "2021.10.06"]
[SourceVersion "1"]
[SourceVersionDate "2021.10.06"]
[SourceQuality "1"]

1. e4 e6 2. d4 d5 3. Nd2 Nf6 4. e5 Nfd7 5. Bd3 c5 6. c3 Nc6 7. Ne2 a6 8. 0-0 Be7 9. f4 cxd4 10. cxd4 f5 11. exf6 Bxf6 12. Nf3 Qb6 13. Kh1 g6 14. Ne5 Ndxe5 15. fxe5 Be7 16. b3 Bd7 17. Bb2 0-0-0 18. a3 Rhf8 19. Rxf8 Rxf8 20. b4 Kb8 21. Bc3 Na7 22. a4 Rc8 23. Qd2 Qd8 24. b5 Ka8 25. bxa6 b6 26. Qb2 Rb8 27. Bb4 Nc6 28. Bxe7 Qxe7 29. Nc3 Nxd4 30. Nxd5 exd5 31. Qxd4 Qc5 32. Qb2 Rc8 33. Bb5 Be6 34. h3 d4 35. Rd1 Rd8 36. Rc1 Qxe5 37. a5 Rb8 38. Bc6+ Ka7 39. Bb7 Qxa5 40. Qxd4 Rf8 41. Qd6 Qf5 42. Qc7 Qf4 43. Qc6 Bd5 44. Qc3 Bxb7 45. axb7 Rb8 46. Ra1+ Kxb7 47. Qg7+ Kc6 48. Qxh7 Qe4 49. Rc1+ Kb5 50. Qd7+ Ka5 51. Ra1+ 1-0